00497 2200181 4500001002100000005001500021035002000036007000300056008004100059020002200100082001400122084002000136100001800156245005900174260003100233300003500264700001600299INLIS00000000000034020260121083118 a0010-0126000033ta260121 0 ind  a978-623-180-512-6 a657.028.5 a657.028.5 SUC k0 aSuciono, bimo1 aKomputer Akuntansi pada Perusahaan Jasa dengan MYOB XI aJakarta :bErlangga,c2023 aix + 217 hlm. ;c17,5 x 25 cm.0 aZatra, beni